One-stop shopping: a pipe dream? (Record no. 98230)

MARC details
000 -LEADER
fixed length control field 00532cam a2200193 4500
001 - CONTROL NUMBER
control field D10410
008 - FIXED-LENGTH DATA ELEMENTS--GENERAL INFORMATION
fixed length control field 090401t1985 xxu||||| |||| 00| 0 eng d
035 ## - SYSTEM CONTROL NUMBER
System control number (Sirsi) u94944
041 ## - LANGUAGE CODE
Language code of text/sound track or separate title eng
050 ## - LIBRARY OF CONGRESS CALL NUMBER
Classification number 333.33
100 ## - MAIN ENTRY--PERSONAL NAME
Personal name Clark, M.G.
245 ## - TITLE STATEMENT
Title One-stop shopping: a pipe dream?
260 ## - PUBLICATION, DISTRIBUTION, ETC.
Date of publication, distribution, etc. 1985
350 ## - PRICE (NR) (BK AM CF MU VM SE) [OBSOLETE]
Price 0
520 ## - SUMMARY, ETC.
Summary, etc. In - RICS General Practice Division. GP` 85: The future? (Conference) 13 - 15 June 1985 (at) the Palace Hotel, 1985/29 ABC.
700 ## - ADDED ENTRY--PERSONAL NAME
Personal name Holland, J.A.
942 ## - ADDED ENTRY ELEMENTS (KOHA)
Suppress in OPAC 0
948 ## - LOCAL PROCESSING INFORMATION (OCLC); SERIES PART DESIGNATOR (RLIN)
c (OCLC) 04/03/1997
Holdings
Withdrawn status Lost status Source of classification or shelving scheme Damaged status Not for loan Home library Current library Shelving location Date acquired Total Checkouts Full call number Barcode Date last seen Copy number Price effective from Koha item type
    Other/Generic Classification Scheme     London London RICS Boxes 05/04/2001   RICS 1985/29 94944-1001 06/08/2019 1 06/08/2019 Reference material